000 01576nam a2200337 c 4500
003 BLK
005 20180421000503.0
008 180411b bul|||||r ||||||| ||bul||
010 _aKNG00197017000
040 _aBLK
041 _aBUL
_cBUL
080 _aНаследствено право. Наследяване
_b347.65
_x(497.2)(075.8)
_z347.65(497.2)(075.8)
100 1 _aТасев, Христо
_eпърви автор
_9253076
139 _aТасев, Христо
_bТ 36
245 1 0 _aБългарско наследствено право
_b[Учебник за студентите от СУ Климент Охридски
_cХристо Тасев.
250 _a4. осн. прераб. изд.
257 _aBGR
260 София
_bНаука и изкуство
_c1987
_fПлевен : Ал. Пъшев
300 _a198 с.
_bсъс сх.
_c22 см
380 _a3
500 _aПълното име на авт. е Христо Тасев Божилов 1. изд. 1953 със загл. Наследствено право на НРБ от същия авт. - 6 088 тир. - Библиогр. с. 193-194.
650 4 _aНаследствено право - България - учебници за ВУЗ
_9261937
653 _aнаследствено право
653 _aзавещания
653 _aучебници за ВУЗ
852 _aЦб 147239
856 4 _qpdf
_u
856 4 _qpdf
_u
942 _cKNG
_n0
944 _aCR
_c29.11.2016
_kРадостина_Карадакова
944 _aED
_c29.11.2016
_kРадостина_Карадакова
999 _c187999
_d187999